Elite Ice Hockey League (EIHL) teams - Statistics

General Stats
  • This quiz has been taken 417 times
    361 since last reset
  • The average score is 10 of 12
Answer Stats
Answer % Correct
Sheffield Steelers
93%
Nottingham Panthers
91%
Cardiff Devils
90%
Belfast Giants
88%
Manchester Storm
87%
Fife Flyers
84%
Dundee Stars
82%
Braehead Clan
78%
Coventry Blaze
78%
Guildford Flames
77%
Milton Keynes Lightning
67%
Edinburgh Capitals
66%
No matching quizzes found
Score Distribution
Percent of People with Each Score
Percentile by Number Answered
Your Score History
You have not taken this quiz since the last reset